000 00686nam a22002175i 4500
001 176034
003 ES-MaACL
005 20230906215954.0
008 101213s1956 sp a |||| | spa d
080 _a658.8
100 1 _aVicens Carrió, Jaime.
_9114317
245 1 0 _aCómo se impulsan las ventas de una tienda /
_cpor Jaime Vicens Carrió.
250 _a1ª ed.
260 _aBarcelona :
_bJuan Bruguer,
_c1956.
300 _a222 p. :
_bil. bl. y n. ;
_c22 cm.
490 1 _aBiblioteca moderna de publicidad ;
_v9
650 0 4 _aVenta.
_917760
830 0 _aBiblioteca moderna de publicidad ;
_v9
_9189904
852 _aES-MaACL
_jE-13770
_xOlim P-1022
999 _c176034
_d176034